000 00798nam a2200229 a 4500
001 1248
005 20140414131909.0
008 041111s19uu xx 00 eng d
020 _a0-06-444053-2
050 _aER
_bB48 1992
100 _aCoerr, Eleanor
245 _aBig balloon race, (The) /
_cStory by Eleanor Coerr ; pictures by Carolyn Croll.
260 _a[s.l.] :
_bHarperCollins,
_c1992.
300 _a62 p. : ill. ; cm.
440 _aAn I can read book
500 _aOriginally published : New York, N.Y : Harper & Row, 1981.
520 _aAriel almost causes her famous mother to lose a balloon race and he helps her to win it.
650 _aMyers, Carlotta, 1849-1932.
650 _aMyers, Ariel
_xJuvenile fiction.
650 _aBalloon ascencions
_xFiction.
999 _c111097
_d111097